10 największych dzielnic Warszawy - Statystyki

Ogólne statystyki
  • Ten quiz został rozwiązany 459 razy
  • Średni wynik to 7 z 10
Statystyki odpowiedzi
Liczba ludności Dzielnica % Poprawnych
217 683 Mokotów
88%
179 836 Praga Południe
82%
115 395 Śródmieście
80%
150 668 Ursynów
78%
140 958 Wola
76%
123 932 Bemowo
66%
131 910 Bielany
64%
124 125 Białołęka
63%
82 774 Ochota
63%
124 279 Targówek
57%
Nie znaleziono quizów pasujących do podanych kryteriów
Rozkład punktacji
Procent ludzi z każdym wynikiem
Percentyl według liczby udzielonych odpowiedzi
Twoja historia wyników
Nie rozwiązałeś tego quizu